000 00561nam a2200193Ia 4500
005 20250508165518.0
008 008 250505s9999 xx 000 0 hin d
037 _aDissertations
040 _aFEDL
_beng
_cFEDL
041 _ahin
_2eng
084 _a491.430 7, AML/DI
_qFEDL
100 _aAmlendu Shekhar
_9781056
245 0 _aHindi shikshanshastra mein aalochnatmak chintan
260 _c2015
300 _a151p.
546 _aM.Ed. Dissertation, (Delhi University)
942 _cDIS
_h491.430 7, AML/DI
999 _c1395575
_d1395575